Reinforced concrete design : (Record no. 549631)
[ view plain ]
| 000 -LEADER | |
|---|---|
| fixed length control field | 00872cam a2200229 a 4500 |
| 020 ## - INTERNATIONAL STANDARD BOOK NUMBER | |
| International Standard Book Number | 0070371008 (hard : acidfree paper) |
| 020 ## - INTERNATIONAL STANDARD BOOK NUMBER | |
| International Standard Book Number | 0070371016 (softcover : acidfree paper) |
| 082 00 - DEWEY DECIMAL CLASSIFICATION NUMBER | |
| Classification number | 624.18341 |
| Author Mark | LEE |
| -- | N-01,P-41 |
| 100 1# - MAIN ENTRY--PERSONAL NAME | |
| Personal name | Leet, Kenneth. |
| 245 10 - TITLE STATEMENT | |
| Title | Reinforced concrete design : |
| Remainder of title | conforms to 1995 ACI codes / |
| Statement of responsibility, etc. | Kenneth M. Leet ; contributing author, Dionisio Bernal. |
| 250 ## - EDITION STATEMENT | |
| Edition statement | 3rd ed. |
| 260 ## - PUBLICATION, DISTRIBUTION, ETC. | |
| Place of publication, distribution, etc. | New York : |
| Name of publisher, distributor, etc. | McGraw-Hill Co., |
| Date of publication, distribution, etc. | c1997. |
| 300 ## - PHYSICAL DESCRIPTION | |
| Extent | xiv, 546 p. : |
| Other physical details | ill. ; |
| Dimensions | 26 cm. |
| 526 ## - STUDY PROGRAM INFORMATION NOTE | |
| Program name | 0 |
| Interest level | 0 |
| Reading level | 0 |
| Title point value | 624_183410000000000_LEE |
| 526 ## - STUDY PROGRAM INFORMATION NOTE | |
| Program name | 0 |
| Interest level | 0 |
| Reading level | 0 |
| Title point value | 624_183410000000000_LEE |
| 650 #0 - SUBJECT ADDED ENTRY--TOPICAL TERM | |
| Topical term or geographic name entry element | NUST |
| 9 (RLIN) | 6342 |
| 650 #0 - SUBJECT ADDED ENTRY--TOPICAL TERM | |
| Topical term or geographic name entry element | Reinforced concrete construction. |
| 700 1# - ADDED ENTRY--PERSONAL NAME | |
| Personal name | Bernal, Dionisio. |
| 9 (RLIN) | 46269 |
| 856 41 - ELECTRONIC LOCATION AND ACCESS | |
| Uniform Resource Identifier | <a href="http://www.loc.gov/catdir/toc/mh022/96031173.html">http://www.loc.gov/catdir/toc/mh022/96031173.html</a> |
| 856 42 - ELECTRONIC LOCATION AND ACCESS | |
| Uniform Resource Identifier | <a href="http://www.loc.gov/catdir/description/mh022/96031173.html">http://www.loc.gov/catdir/description/mh022/96031173.html</a> |
| 942 ## - ADDED ENTRY ELEMENTS (KOHA) | |
| Source of classification or shelving scheme | |
| Koha item type | Book |
| Withdrawn status | Lost status | Source of classification or shelving scheme | Damaged status | Not for loan | Permanent Location | Current Location | Date acquired | Total Checkouts | Full call number | Barcode | Date last seen | Price effective from | Koha item type |
|---|---|---|---|---|---|---|---|---|---|---|---|---|---|
| Military College of Engineering (MCE) | Military College of Engineering (MCE) | 09/30/2014 | 624.18341 LEE | MCE-44392 | 09/30/2014 | 09/30/2014 | Book | ||||||
| Military College of Engineering (MCE) | Military College of Engineering (MCE) | 10/10/2014 | 624.18341 LEE | MCE-43445 | 10/10/2014 | 10/10/2014 | Book |
